Sports Quiz

Random Sports or Clickable Quiz

TIME Cover Stories: Athletes Quiz Stats

 Plays Quiz Updated Dec 26, 2017

Challenge
Share
Tweet
Embed
Score 0/20 Timer 06:00
11 Plays Today
% Correct
Tiger Woods
96.2%
Michael Phelps
93.2%
Magic Johnson
92.1%
Secretariat
91.7%
Dale Earnhardt
90.4%
Simone Biles
88.6%
Colin Kaepernick
88.2%
Jeremy Lin
87.7%
Muhammad Ali
87.3%
Nadia Comaneci
87.1%
% Correct
Bode Miller
81.8%
Joe DiMaggio
81.2%
Michael Johnson
76.5%
Jimmy Connors
74.8%
Debi Thomas
72%
Jackie Robinson
71.4%
Dwight Gooden
70.7%
Sugar Ray Robinson
70%
Bobby Hull
69%
Bobby Layne
61.1%

You're not logged in!

Compare scores with friends on all Sporcle quizzes.
OR
Log In

You Might Also Like...

Show Comments

Extras

Top Quizzes Today


Score Distribution

Your Account Isn't Verified!

In order to create a playlist on Sporcle, you need to verify the email address you used during registration. Go to your Sporcle Settings to finish the process.

Report this User

Report this user for behavior that violates our Community Guidelines.

Details: